| 000 | 01949nam a2200445 c 4500 | ||
|---|---|---|---|
| 999 |
_c119659 _d119659 |
||
| 003 | BLK | ||
| 005 | 20200120110832.0 | ||
| 008 | 180409b bul|||||r ||||||| ||bul|| | ||
| 010 | _aKNG00125274000 | ||
| 020 | _a978-954-400-360-9 | ||
| 040 | _aBLK | ||
| 041 |
_aBUL _cBUL |
||
| 072 | 7 |
_2bullib _aН33 _xИкономика Н |
|
| 080 |
_aВъншна търговия. Международна търговия. Външно-търговска политика. Мита. Вж и 336. 4 _b339.5 _z339.5 |
||
| 080 |
_aФорми на предприятията в зависимост от отношението към собствеността... _b334.72 _z334.72 |
||
| 100 | 1 |
_aДамянов, Атанас _eпърви автор _9364644 |
|
| 139 |
_aДамянов, Атанас и др. _bД 15 |
||
| 245 | 1 | 0 |
_aМеждународни стратегии _cАтанас Дамянов; съавт. Драгомир Ангелов Илиев; съавт. Симеон Петров Момчев. |
| 257 | _aBGR | ||
| 260 |
_bФабер _c2010 |
||
| 300 |
_a188 с. _bс ил. _c24 см |
||
| 380 | _a3 | ||
| 500 | _aБиблиогр. след отд. материали и под линия. | ||
| 650 | 4 |
_aВъншна търговия _9262115 |
|
| 650 | 4 |
_aСтопански предприятия - управление и организация _9253778 |
|
| 650 | 4 |
_aПазари _9165495 |
|
| 650 | 4 |
_aМаркетинг _9161163 |
|
| 653 | _aвъншна търговия | ||
| 653 | _aстопански предприятия | ||
| 653 | _aпазари | ||
| 653 | _aмаркетинг | ||
| 659 | _aН | ||
| 700 | 1 |
_aИлиев, Драгомир Ангелов _eсъавт. _9292266 |
|
| 700 | 1 |
_aМомчев, Симеон Петров _eсъавт. _9291090 |
|
| 852 | _aЦб 252648 | ||
| 856 | 4 | _qpdf | |
| 856 | 4 | _qpdf | |
| 942 |
_cKNG _n0 _s1 |
||
| 944 |
_aCR _c24.08.2011 _kМилена_Ачева |
||
| 944 |
_aED _c22.12.2011 |
||
| 999 | _d119659 | ||
| 999 | _d119659 | ||